Digital photography best practices and workflow handbook : (Record no. 117913)
[ view plain ]
| 000 -LEADER | |
|---|---|
| fixed length control field | 00634nam a2200181Ia 4500 |
| 008 - FIXED-LENGTH DATA ELEMENTS--GENERAL INFORMATION | |
| fixed length control field | 140609s9999 xx 000 0 und d |
| 020 ## - INTERNATIONAL STANDARD BOOK NUMBER | |
| International Standard Book Number | 9780240810959 |
| 050 ## - LIBRARY OF CONGRESS CALL NUMBER | |
| Classification number | TR 267 |
| Item number | .R87 2010 |
| 100 ## - MAIN ENTRY--PERSONAL NAME | |
| Personal name | Russotti, Patti. |
| 245 ## - TITLE STATEMENT | |
| Title | Digital photography best practices and workflow handbook : |
| Remainder of title | a guide to staying ahead of the workflow curve / |
| Statement of responsibility, etc | Patricia Russotti, Richard Anderson |
| 260 ## - PUBLICATION, DISTRIBUTION, ETC. (IMPRINT) | |
| Place of publication, distribution, etc | Burlington, MA : |
| Name of publisher, distributor, etc | Focal Press, |
| Date of publication, distribution, etc | c2010. |
| 300 ## - PHYSICAL DESCRIPTION | |
| Extent | 242 p.: |
| Other physical details | ill. (chiefly col.) ; |
| Dimensions | 23 cm. |
| 500 ## - GENERAL NOTE | |
| General note | Includes bibliographical references and index. |
| 521 ## - TARGET AUDIENCE NOTE | |
| Target audience note | |
| 650 ## - SUBJECT ADDED ENTRY--TOPICAL TERM | |
| Topical term or geographic name as entry element | Workflow. |
| 942 ## - ADDED ENTRY ELEMENTS (KOHA) | |
| Call number prefix | Foreign |
| Koha item type | Books |
| Withdrawn status | Lost status | Source of classification or shelving scheme | Damaged status | Home library | Current library | Shelving location | Date acquired | Source of acquisition | Total Checkouts | Total Renewals | Full call number | Barcode | Date last seen | Date checked out | Price effective from | Koha item type |
|---|---|---|---|---|---|---|---|---|---|---|---|---|---|---|---|---|
| Library of Congress Classification | College Library | College Library | General Circulation Section | 06/09/2014 | Donation | 1 | 3 | TR 267 .R87 2010 | C18201 | 02/20/2019 | 01/29/2019 | 06/09/2014 | Books |